00809nam a22002537a 4500003000900000005001700009008003100026020001500057040002200072092001700094100001700111245007300128260003500201300002800236490002400264521002700288700002500315830002400340942001200364945002700376952011000403956002500513999001700538DO-SdBNP20180213152021.0160718 1995 sp a spa d a8420765414 aBPMSUbspacBPMSU axxxxxbxxxxx1 aCano, Carles14aLos viajes de Pericot /cCarles Cano ; ilustraciones Paco Giménez  aMadrid : bGrupo Anaya,c1995. a68 p. :bil. ;c19 cm. 0 aEl duende verdev78 aA partir de 10 años.12aGiménez, Pacoeil. 0aEl duende verden78 2ddccBK aInventariado, 2018/ YL 00102ddc40708CI-GaBPMETbBPMETd2017-01-16eSin sellarl0pBPMSU17010061r2017-01-16w2017-01-16yBK aYLOCKWARDb10cBPMSU c12480d12480